Τιμολόγηση Βιομηχανικών Προϊόντων (Record no. 8689)
[ view plain ]
| 000 -LEADER | |
|---|---|
| fixed length control field | 01450cam a22001814a 4500 |
| 005 - ΗΜΕΡΟΜΗΝΙΑ ΚΑΙ ΩΡΑ ΤΕΛΕΥΤΑΙΑΣ ΕΝΗΜΕΡΩΣΗΣ | |
| Πεδίο ελέγχου | 20250605164343.0 |
| 008 - FIXED-LENGTH DATA ELEMENTS--GENERAL INFORMATION | |
| Πεδίο ελέγχου σταθερού μήκους | 250528s ||||||||||||||||||||||||d |
| 035 ## - SYSTEM CONTROL NUMBER | |
| System control number | 23740 |
| 040 ## - ΠΗΓΗ ΚΑΤΑΛΟΓΟΓΡΑΦΗΣΗΣ | |
| Φορέας πρωτότυπης καταλογογράφησης | MC Athens Campus Library |
| Γλώσσα καταλογογράφησης | Ελληνικά, Μοντέρνα (1453-) |
| Modifying agency | MC Athens Campus Library |
| Κανόνες περιγραφικής καταλογογράφησης | AACR2 |
| 245 1# - ΤΙΤΛΟΣ ΚΑΙ ΔΗΛΩΣΗ ΥΠΕΥΘΥΝΟΤΗΤΑΣ | |
| Τίτλος | Τιμολόγηση Βιομηχανικών Προϊόντων |
| 260 ## - PUBLICATION, DISTRIBUTION, ETC. | |
| Date of publication, distribution, etc. | 2012 |
| 300 ## - PHYSICAL DESCRIPTION | |
| Extent | 36 |
| 520 ## - SUMMARY, ETC. | |
| Summary, etc. | Εισαγωγή, Βιομηχανικό Marketing, Τιμολόγηση Βιομηχανικών Προϊόντων, Τιμολογιακές Πολιτικές, Η Τιμή ως Κριτήριο Αξιολόγησης από την Πλευρά του Πελάτη, Αξιολόγηση της Τιμής από τους Βιομηχανικούς Πωλητές, Επιλογή Στρατηγικής και Κρίσιμα Ερωτήματα που Πρέπει να Απαντηθούν, Προσανατολισμός στον Πελάτη, Τιμολόγησγη με Βάση την Αξία (Value Based Pricing), Διαπραγματεύσεις Μεταξύ Αγοραστών και Πωλητών, Γιατί οι Μεγάλοι Πελάτες Πληρώνουν Χαμηλότερες Τιμές, Τιμολόγηση στο Διαδίκτυο, Σύνοψη, Κριτική Αποτίμηση - Προτάσεις, Συμπεράσματα, Βιβλιογραφία. |
| 700 1# - ΠΡΟΣΘΕΤΗ ΑΝΑΓΡΑΦΗ--ΦΥΣΙΚΟ ΠΡΟΣΩΠΟ | |
| Personal name | Ορφανιώτου Κατερίνα |
| 9 (RLIN) | 9286 |
| 942 ## - ADDED ENTRY ELEMENTS (KOHA) | |
| Koha item type | Διπλωματική εργασία |
| Τύπος τεκμηρίου | Βιβλιοθήκη | Τρέχουσα τοποθεσία | Barcode | Ημερομηνία απόκτησης | Ταξιθετικό σύμβολο | Αριθμός αντιτύπου | Κατάσταση απόσυρσης | Κατάσταση χαμένου | Κατάσταση κατεστραμμένου | Μη δανεισμός | Σύνολο δανεισμών | Ημερομηνία τελευταίας εμφάνισης | Η τιμή ισχύει από |
|---|---|---|---|---|---|---|---|---|---|---|---|---|---|
| Διπλωματική εργασία | MC Athens Campus Library | MC Athens Campus Library | 9780000086884 | 05/06/2025 | BUS 2012 (14) | 1 | 05/06/2025 | 05/06/2025 |